<?xml version="1.0" encoding="UTF-8"?>
<record
    xmlns:xsi="http://www.w3.org/2001/XMLSchema-instance"
    xsi:schemaLocation="http://www.loc.gov/MARC21/slim http://www.loc.gov/standards/marcxml/schema/MARC21slim.xsd"
    xmlns="http://www.loc.gov/MARC21/slim">

  <leader>01682nab a22002897a 4500</leader>
  <controlfield tag="005">20150723124404.0</controlfield>
  <controlfield tag="008">150723b2015    xxu|||||r|||| 00| 0 spa d</controlfield>
  <datafield tag="040" ind1=" " ind2=" ">
    <subfield code="a">CO-BoIAVH</subfield>
    <subfield code="c">CO-BoIAVH</subfield>
  </datafield>
  <datafield tag="041" ind1=" " ind2=" ">
    <subfield code="a">spa</subfield>
  </datafield>
  <datafield tag="044" ind1=" " ind2=" ">
    <subfield code="a">ck</subfield>
  </datafield>
  <datafield tag="100" ind1="1" ind2=" ">
    <subfield code="a">Valencia-Arroyave, Daniela</subfield>
    <subfield code="9">36180</subfield>
  </datafield>
  <datafield tag="245" ind1="0" ind2=" ">
    <subfield code="a">Modelo para la estimaci&#xF3;n de emisiones veh&#xED;culares como herramienta para la gesti&#xF3;n ambiental institucional /</subfield>
    <subfield code="c">Daniela Arroyave-Valencia, Michelle Andrea Mu&#xF1;oz-Duque...[et. al.]</subfield>
  </datafield>
  <datafield tag="246" ind1="0" ind2=" ">
    <subfield code="a">A commuting emissions estimation model as a tool for the institutional environmental management</subfield>
  </datafield>
  <datafield tag="260" ind1="3" ind2=" ">
    <subfield code="a">Caldas, Antioqu&#xED;a (Colombia):</subfield>
    <subfield code="b">Corporaci&#xF3;n Universitaria Lasallista,</subfield>
    <subfield code="c">2015.</subfield>
  </datafield>
  <datafield tag="300" ind1=" " ind2=" ">
    <subfield code="a">A&#xF1;o 2015, Nro 1, Enero-Junio, Pag. 22-39</subfield>
  </datafield>
  <datafield tag="504" ind1=" " ind2=" ">
    <subfield code="a">Incluye referencias bibliogr&#xE1;ficas (P&#xE1;g. 37-39).</subfield>
  </datafield>
  <datafield tag="520" ind1=" " ind2=" ">
    <subfield code="a">En este art&#xED;culo presentamos un modelo para la estimaci&#xF3;n de las emisiones vehiculares, producidas por los viajes con motivos de trabajo y/o estudio a escala institucional, junto con un caso de aplicaci&#xF3;n en la Instituci&#xF3;n Universitaria Colegio Mayor de Antioquia.</subfield>
  </datafield>
  <datafield tag="546" ind1=" " ind2=" ">
    <subfield code="a">Resumen tambi&#xE9;n en ingl&#xE9;s y portugu&#xE9;s.</subfield>
  </datafield>
  <datafield tag="650" ind1=" " ind2="4">
    <subfield code="a">Contaminaci&#xF3;n del aire.</subfield>
    <subfield code="x">Factores de emisi&#xF3;n</subfield>
    <subfield code="9">36221</subfield>
  </datafield>
  <datafield tag="650" ind1=" " ind2="4">
    <subfield code="a">Control de calidad del aire.</subfield>
    <subfield code="v">Modelo</subfield>
    <subfield code="x">Factores de emisi&#xF3;n</subfield>
    <subfield code="9">36222</subfield>
  </datafield>
  <datafield tag="700" ind1="1" ind2=" ">
    <subfield code="a">Mu&#xF1;oz-Duque, Michelle Andrea</subfield>
    <subfield code="9">36183</subfield>
  </datafield>
  <datafield tag="700" ind1="1" ind2=" ">
    <subfield code="a">Ram&#xED;rez Mu&#xF1;oz, Alejandra</subfield>
    <subfield code="9">36184</subfield>
  </datafield>
  <datafield tag="700" ind1="1" ind2=" ">
    <subfield code="a">Builes Jaramillo, Luis Alejandro</subfield>
    <subfield code="9">36185</subfield>
  </datafield>
  <datafield tag="700" ind1="1" ind2=" ">
    <subfield code="a">Hoyos-Restrepo, Carlos Arturo</subfield>
    <subfield code="9">36186</subfield>
  </datafield>
  <datafield tag="773" ind1="0" ind2=" ">
    <subfield code="b">Producci&#xF3;n + limpia</subfield>
    <subfield code="d">Caldas (Antioquia) :  Corporaci&#xF3;n Universitaria La sallista,  2006- .</subfield>
    <subfield code="o">042058</subfield>
    <subfield code="t">Producci&#xF3;n m&#xE1;s limpia / </subfield>
    <subfield code="x">19090455</subfield>
  </datafield>
  <datafield tag="942" ind1=" " ind2=" ">
    <subfield code="2">z</subfield>
    <subfield code="c">ARTICULO</subfield>
  </datafield>
  <datafield tag="999" ind1=" " ind2=" ">
    <subfield code="c">17614</subfield>
    <subfield code="d">17614</subfield>
  </datafield>
</record>
